000 00697nam a2200217Ii 4500
003 JO-AjNU
008 230605s9999||||xx |||||||||||||| ||und||
017 _a2009/4/2083
040 _aJO-AjNU
_bara
_erda
_cJO-AjNU
041 _aara
050 1 4 _aBF721.N3534.2009
100 3 _aنايف،احمد حسني,
_eauthor
_922292
245 0 0 _aالطفل وحاجاته النفسية
250 _aط1
264 3 1 _aعمان:احمد حسني نايف ، 2009
300 _a92ص
336 _atext
_btxt
_2rdacontent
337 _aunmediated
_bn
_2rdamedia
338 _avolume
_bnc
_2rdacarrier
650 4 _aعلم النفس الفردي-سيكولوجية الطفولة-الاطفال
_922293
999 _aA7887
_c11455
_d11455